Längbans malmtrakt; (Record no. 26832)

MARC details
000 -LEADER
fixed length control field 00984cam a22002531 4500
001 - CONTROL NUMBER
control field gs 30000311
003 - CONTROL NUMBER IDENTIFIER
control field DLC
005 - DATE AND TIME OF LATEST TRANSACTION
control field 20260227111335.0
008 - FIXED-LENGTH DATA ELEMENTS--GENERAL INFORMATION
fixed length control field 810112s1930 sw af b 000 0 swe c
010 ## - LIBRARY OF CONGRESS CONTROL NUMBER
LC control number gs 30000311
035 ## - SYSTEM CONTROL NUMBER
System control number (OCoLC)7056783
040 ## - CATALOGING SOURCE
Original cataloging agency U.S. Geological Survey
Transcribing agency NIC
Modifying agency DLC
041 0# - LANGUAGE CODE
Language code of text/sound track or separate title swe
Language code of summary or abstract eng
042 ## - AUTHENTICATION CODE
Authentication code premarc
050 00 - LIBRARY OF CONGRESS CALL NUMBER
Classification number QE282
Item number .A3 Ser.Ca no. 23
100 1# - MAIN ENTRY--PERSONAL NAME
Personal name Magnusson, Nils H.
Fuller form of name (Nils Harald),
Dates associated with a name 1890-
245 00 - TITLE STATEMENT
Title Längbans malmtrakt;
Remainder of title geologisk beskrivning
Statement of responsibility, etc. af Nils H. Magnusson. Summary: The iron and manganese ores of the Langban district.
260 ## - PUBLICATION, DISTRIBUTION, ETC.
Place of publication, distribution, etc. Stockholm,
Name of publisher, distributor, etc. Kungl. boktryckeriet, P. A. Norstedt & söner,
Date of publication, distribution, etc. 1930.
300 ## - PHYSICAL DESCRIPTION
Extent 111 p.
Other physical details incl. illus., tables, diagrs. 5 fold. col. pl.
Dimensions 31 cm.
490 0# - SERIES STATEMENT
Series statement [Sweden] Sveriges geologiska undersökning. Ser. Ca. Avhandlingar och uppsatser i 4:o,
Volume/sequential designation no. 23
504 ## - BIBLIOGRAPHY, ETC. NOTE
Bibliography, etc. note "Litteraturförteckning": p. 101-104.
650 #0 - SUBJECT ADDED ENTRY--TOPICAL TERM
Topical term or geographic name entry element Iron ores
Geographic subdivision Sweden.
650 #0 - SUBJECT ADDED ENTRY--TOPICAL TERM
Topical term or geographic name entry element Manganese ores
Geographic subdivision Sweden.

No items available.

Powered by Koha